Statistics for Most-streamed artists/bands on Spotify each year 2013-2018

Click here to take the quiz!

General Stats

  • This quiz has been taken 80 times
    (75 since last reset)
  • The average score is 15 of 21

Answer Stats

Year(s) (Rank(s))Artist% Correct
2014 (#1), 2014 (#2), 2015 (#2), 2017 (#1), 2018 (#5)Ed Sheeran
100%
2015 (#1), 2016 (#1), 2017 (#2), 2018 (#1)Drake
95%
2014 (#5)Katy Perry
92%
2013 (#4), 2014 (#2)Eminem
90%
2013 (#5)Imagine Dragons
89%
2015 (#3), 2017 (#3)The Weeknd
87%
2016 (#2)Justin Bieber
87%
2016 (#4)Rihanna
83%
2013 (#1)Macklemore & Ryan Lewis
83%
2017 (#5)The Chainsmokers
81%
2013 (#3)Daft Punk
75%
2013 (#2)Avicii
71%
2017 (#4)Kendrick Lamar
68%
2018 (#3)XXXTentacion
67%
2016 (#3)Twenty One Pilots
60%
2018 (#2)Post Malone
60%
2015 (#4)Maroon 5
56%
2015 (#5), 2016 (#5)Kanye West
49%
2018 (#4)J Balvin
43%
2014 (#3)Coldplay
25%
2014 (#4)Calvin Harris
14%

Score Distribution

Percentile by Number Answered

Percent of People with Each Score

Your Score History

You have not taken this quiz since the last reset